Jak prezentovat odborné výsledky : průvodce pro autory, lektory, studenty i začínající redaktory technické literatury

Saved in:
Bibliographic Details
Main Author Juláková, Eva (Author)
Format Book
LanguageCzech
Published Praha : Vysoká škola chemicko-technologická v Praze, 2023
Edition2. upravené vydání
Subjects
ISBN978-80-7592-232-8
Physical Description199 stran : ilustrace (převážně barevné) ; 24 cm

Cover

LEADER 00000aam a2200000 i 4500
001 115532
003 CZ-ZlUTB
005 20260429082905.0
007 ta
008 231215s2023 xr a e f 001 0 cze
015 |a cnb003578618 
020 |a 978-80-7592-232-8  |q (brožováno) 
040 |a BOA001  |b cze  |d ZLD002  |e rda 
072 7 |a 655  |x Polygrafie. Vydavatelství a knižní obchod  |2 Konspekt  |9 12 
080 |a 001.81/.87  |2 MRF 
080 |a 655.411  |2 MRF 
080 |a 808.1/.2  |2 MRF 
080 |a 655.58/.59  |2 MRF 
080 |a 82-96  |2 MRF 
080 |a 655.5  |2 MRF 
080 |a (035)  |2 MRF 
100 1 |a Juláková, Eva  |7 jk01052136  |4 aut 
245 1 0 |a Jak prezentovat odborné výsledky :  |b průvodce pro autory, lektory, studenty i začínající redaktory technické literatury /  |c Eva Juláková 
250 |a 2. upravené vydání 
264 1 |a Praha :  |b Vysoká škola chemicko-technologická v Praze,  |c 2023 
300 |a 199 stran :  |b ilustrace (převážně barevné) ;  |c 24 cm 
336 |a text  |b txt  |2 rdacontent 
337 |a bez média  |b n  |2 rdamedia 
338 |a svazek  |b nc  |2 rdacarrier 
504 |a Obsahuje bibliografii a rejstřík 
650 0 7 |a odborné písemné práce  |7 ph115556  |2 czenas 
650 0 7 |a vědecké práce  |7 ph127374  |2 czenas 
650 0 7 |a vědecké publikace  |7 ph127375  |2 czenas 
650 0 7 |a publikační činnost  |7 ph137479  |2 czenas 
650 0 7 |a odborná literatura  |7 ph115554  |2 czenas 
650 0 7 |a redakční práce  |7 ph514350  |2 czenas 
650 0 9 |a professional papers  |2 eczenas 
650 0 9 |a scientific reports  |2 eczenas 
650 0 9 |a scientific publications  |2 eczenas 
650 0 9 |a publication activity  |2 eczenas 
650 0 9 |a professional literature  |2 eczenas 
650 0 9 |a editing  |2 eczenas 
655 7 |a příručky  |7 fd133209  |2 czenas 
655 9 |a handbooks and manuals  |2 eczenas 
710 2 |a Vysoká škola chemicko-technologická v Praze  |7 kn20010710384  |4 isb 
910 |a ZLD002 
942 |2 udc 
952 |0 0  |1 0  |4 0  |5 0  |6 655JULÁKOVÁE  |7 0  |8 BOOK  |9 190863  |a UTBZL  |b UTBZL  |c 005  |d 2026-04-24  |l 0  |o 655/JULÁKOVÁ,E.  |p 420010202026  |r 2026-04-24 12:30:13  |v 200.00  |w 2026-04-24  |x N:nákup  |y 01 
952 |0 0  |1 0  |4 0  |5 0  |6 655JULÁKOVÁE  |7 0  |8 BOOK  |9 190864  |a UTBUH  |b UTBUH  |c 028  |d 2026-04-24  |l 0  |o 655/JULÁKOVÁ,E.  |p 420010202027  |r 2026-04-28 12:20:11  |v 200.00  |w 2026-04-24  |x N:nákup  |y 01 
992 |a BK  |b SK 
999 |c 115532  |d 115532